| 000 | 00626nam a22002057a 4500 | ||
|---|---|---|---|
| 003 | DO-SdBNP | ||
| 005 | 20171130093933.0 | ||
| 008 | 161031b 1999 sp 00| 0 spa d | ||
| 020 | _a8484033767 | ||
| 040 |
_aBPMSU _bspa _cBPMSU |
||
| 082 |
_axxxx _bxxxx |
||
| 100 | 1 | _aBrown, Kyle | |
| 245 | 1 | 0 |
_aLeyendas de Egipto / _cKyle Brown ; ilustraciones Juan José Aguilar |
| 260 |
_aMadrid : _bEdimat libros, _bZugarto ediciones, _c1999. |
||
| 300 |
_a125 p. : _bil. _c22 cm. |
||
| 700 | 1 | 2 |
_aAguilar, Juan José _eil. |
| 942 |
_2ddc _cBK |
||
| 945 | _aInventariado extranjero /2017 BT | ||
| 956 |
_aYLOCKWARD _b10 _c2011113 _d0044 |
||
| 999 |
_c12869 _d12869 |
||